00830cam a2200241 a 4500001000500000005001700005020001800022040002300040050002200063082001000085100002100095245004400116250004700160260003600207300006000243490003000303505000800333520016700341521002000508521002000528650001900548650002100567284520241128083737.0 a9780545492225 aDLCcDLCdDLCbeng00aPZ7.G61447b 201100a813.61 aGoodrich, Carter10aSay hello to Zorro! /cCarter Goodrich. aFirst Scholastic printing , September 2012 aNew York :bScholastic ; c2011 a39 unnumbered pages : bcolor illustrations ;c21 cm .  a Mister Bud and Zorro (1) aH  aMister Bud, the family dog, has a satisfying routine to his life, but when another dog joins the family and disrupts his schedule, Mister Bud must learn to adapt.1 a450 bLexile 1 aH bRaz-Plus  1aDogsvFiction. 1aChangevFiction.